Ostgalizien. IIItes Blatt, enthaltend den Lemberger, Slotschower, Tarnopoler, Brzezaner, Stryer und Samborer Kreis /

Další autoři: Liesganig, Joseph, 1719-1799
Jazyk: Němčina
Francouzština
Vydáno: Wien : Jm Verlage des Kunst und Jndustrie Comptoirs, 1803
Témata:
Fyzický popis: 1 mapa : mědirytina, kolorovaná, podlepená plátnem ; 44 x 55 cm na listu 47 x 58 cm, složeno na 23 x 19,5 cm
Language note: Text tištěn německy a francouzsky
Mapy
Uloženo v:
LEADER 02723nem a2200493 i 4500
001 mzk03001284166
003 CZ BrMZK
005 20250321165520.0
007 aj|canzn
008 211213s1803 au ||||||||||| |||||gerod
034 1 |a a  |b 530000  |d E0223700  |e E0262100  |f N0502300  |g N0474100 
040 |a BOA001  |b cze  |e rda 
041 0 |a ger  |a fre 
043 |a e-un---  |2 czenas 
072 7 |a 913(4)  |x Geografie Evropy, reálie, cestování  |2 Konspekt 
072 7 |a 912:904  |x Staré mapy  |2 Konspekt  |9 7 
080 |a (438+477)  |2 MRF 
080 |a (084.3)  |2 MRF 
245 0 0 |a Ostgalizien.  |n IIItes Blatt,  |p enthaltend den Lemberger, Slotschower, Tarnopoler, Brzezaner, Stryer und Samborer Kreis /  |c Nach Liesganig's Charte grosser Charte und andern bewährten Hülfsmitteln neu entworfen = IIIme Partie de la Galicie orientale contenant les Cercles de Leopole, Slotschow, Tarnopole, Brzezany, Stry et Sambor 
246 3 1 |a IIIme Partie de la Galicie orientale contenant les Cercles de Leopole, Slotschow, Tarnopole, Brzezany, Stry et Sambor 
246 3 1 |a Galicie orientale contenant les Cercles de Leopole, Slotschow, Tarnopole, Brzezany, Stry et Sambor 
246 3 8 |a Karte von Pohlen 1803 
255 |a Měřítko [ca 1:530 000] ;  |c (E 22°37'00"--E 26°21'00"/N 50°23'00"--N 47°41'00") 
264 1 |a Wien :  |b Jm Verlage des Kunst und Jndustrie Comptoirs,  |c 1803 
300 |a 1 mapa :  |b mědirytina, kolorovaná, podlepená plátnem ;  |c 44 x 55 cm na listu 47 x 58 cm, složeno na 23 x 19,5 cm 
336 |a kartografický obraz  |b cri  |2 rdacontent 
337 |a bez média  |b n  |2 rdamedia 
338 |a list  |b nb  |2 rdacarrier 
500 |a Součást souboru 4 samostatných listů s mapou Východní Haliče a souvisejícího souboru 3 samostatných map Západní Haliče. Vše vloženo do společného dobového lepenkového pouzdra s hřbetním názvem Karte von Pohlen 1803 
500 |a Mapový rámec se souřadnicemi, kolorované hranice oblastí 
500 |a Na rubu rukopisný název Ost Galicien 3 Theil 
510 4 |a Dörflinger, J. Österreichische Karten des frühen 19. Jahrhunderts,  |c s. 525 (KIC 1/19) 
546 |a Text tištěn německy a francouzsky 
561 |a Provenience: [razítko] Čechy [zámecká knihovna Čechy pod Kosířem] 
651 7 |a Halič (Polsko a Ukrajina)  |7 ge129223  |2 czenas 
655 7 |a staré mapy  |7 fd674099  |2 czenas 
700 1 |a Liesganig, Joseph,  |d 1719-1799  |7 xx0054343  |4 ant 
910 |a BOA001  |b ST2-0177.032,2/3 
978 |a Wien  |b Kunst und Industrie Comptoir  |c 1803 
984 |a Vídeň  |b Rakousko 
985 |a 1801-1850 
990 |a MP 
991 |k mzk 
996 6 |b 2611008197  |c ST2-0177.032,2/3  |l stud. ST  |r Sklad / do násl. otevíracího dne  |n 0  |w 002010439  |u 000010  |a 1  |e BOA001  |s P